00770nam a2200229Ia 4500003000400000005001700004008004100021020001800062040000700080041000800087082002200095100003800117245006000155250000600215260006900221300001800290365000800308906006100316942001200377999001900389952013200408OSt20230516094922.0210423s2006 xx 000 0 und d a9781555813642 cAL aeng a616.0756 DETB223 aDETRICK (Barbara);others.9104627 aManual of molecular and clinical laboratory immunology. a7 aNew DelhibWashington DC American Society for Microbiologyc2006 axxvi,1340bPB cINR aclinical ; immunology. ; laboratory ; Manual ; molecular 2ddccBK c164760d164760 001040708BIOCaSACPGbSACPGd2013-03-22eKiran Book Centrel0o616.0756 DETBpPG011258r2022-08-24 00:00:00w2021-04-26yREF